<?xml version="1.0" encoding="UTF-8"?>
<collection xmlns="http://www.loc.gov/MARC21/slim">
<record>
  <controlfield tag="001">68098</controlfield>
  <controlfield tag="005">20240207151432.0</controlfield>
  <datafield tag="980" ind1="1" ind2=" ">
    <subfield code="a">GSI Scientific Report 2013</subfield>
  </datafield>
  <datafield tag="980" ind1="1" ind2=" ">
    <subfield code="a">GSI Scientific Report</subfield>
  </datafield>
  <datafield tag="980" ind1="1" ind2=" ">
    <subfield code="a">GSI Report 2014-1</subfield>
  </datafield>
  <datafield tag="980" ind1="1" ind2=" ">
    <subfield code="a">GSI Report</subfield>
  </datafield>
  <datafield tag="980" ind1="1" ind2=" ">
    <subfield code="a">OPAC</subfield>
  </datafield>
  <datafield tag="980" ind1="1" ind2=" ">
    <subfield code="a">FullTexts</subfield>
  </datafield>
  <datafield tag="980" ind1="1" ind2=" ">
    <subfield code="a">GSIasPublisher</subfield>
  </datafield>
  <datafield tag="980" ind1=" " ind2=" ">
    <subfield code="a">book</subfield>
  </datafield>
  <datafield tag="980" ind1=" " ind2=" ">
    <subfield code="a">VDB</subfield>
  </datafield>
  <datafield tag="980" ind1=" " ind2=" ">
    <subfield code="a">intrep</subfield>
  </datafield>
  <datafield tag="980" ind1=" " ind2=" ">
    <subfield code="a">I:(DE-Ds200)20120319OR030</subfield>
  </datafield>
  <datafield tag="980" ind1=" " ind2=" ">
    <subfield code="a">I:(DE-Ds200)BUD-20051214OR030</subfield>
  </datafield>
  <datafield tag="980" ind1=" " ind2=" ">
    <subfield code="a">UNRESTRICTED</subfield>
  </datafield>
  <datafield tag="980" ind1=" " ind2=" ">
    <subfield code="a">GSIasPublisher</subfield>
  </datafield>
  <datafield tag="980" ind1=" " ind2=" ">
    <subfield code="a">GSI Scientific Report 2013</subfield>
  </datafield>
  <datafield tag="980" ind1=" " ind2=" ">
    <subfield code="a">GSI Scientific Report</subfield>
  </datafield>
  <datafield tag="980" ind1=" " ind2=" ">
    <subfield code="a">GSI Report 2014</subfield>
  </datafield>
  <datafield tag="980" ind1=" " ind2=" ">
    <subfield code="a">GSI Report</subfield>
  </datafield>
  <datafield tag="980" ind1=" " ind2=" ">
    <subfield code="a">GSI Report</subfield>
  </datafield>
  <datafield tag="980" ind1=" " ind2=" ">
    <subfield code="a">GSI Scientific Report 2013</subfield>
  </datafield>
  <datafield tag="980" ind1=" " ind2=" ">
    <subfield code="a">GSIasPublisher</subfield>
  </datafield>
  <datafield tag="980" ind1=" " ind2=" ">
    <subfield code="a">intrep</subfield>
  </datafield>
  <datafield tag="980" ind1=" " ind2=" ">
    <subfield code="a">FullTexts</subfield>
  </datafield>
  <datafield tag="980" ind1=" " ind2=" ">
    <subfield code="a">GSI Report 2014-1</subfield>
  </datafield>
  <datafield tag="980" ind1=" " ind2=" ">
    <subfield code="a">OPAC</subfield>
  </datafield>
  <datafield tag="980" ind1=" " ind2=" ">
    <subfield code="a">I:(DE-Ds200)20120123OR019</subfield>
  </datafield>
  <datafield tag="980" ind1=" " ind2=" ">
    <subfield code="a">I:(DE-Ds200)RED-20051214OR019</subfield>
  </datafield>
  <datafield tag="336" ind1="7" ind2=" ">
    <subfield code="0">1</subfield>
    <subfield code="2">EndNote</subfield>
    <subfield code="a">Book</subfield>
  </datafield>
  <datafield tag="336" ind1="7" ind2=" ">
    <subfield code="2">BibTeX</subfield>
    <subfield code="a">BOOK</subfield>
  </datafield>
  <datafield tag="336" ind1="7" ind2=" ">
    <subfield code="0">PUB:(DE-HGF)3</subfield>
    <subfield code="2">PUB:(DE-HGF)</subfield>
    <subfield code="a">Book</subfield>
    <subfield code="b">book</subfield>
    <subfield code="m">book</subfield>
    <subfield code="s">1412629892_2909</subfield>
  </datafield>
  <datafield tag="336" ind1="7" ind2=" ">
    <subfield code="0">PUB:(DE-HGF)15</subfield>
    <subfield code="2">PUB:(DE-HGF)</subfield>
    <subfield code="a">Internal Report</subfield>
    <subfield code="m">intrep</subfield>
  </datafield>
  <datafield tag="336" ind1="7" ind2=" ">
    <subfield code="2">DRIVER</subfield>
    <subfield code="a">book</subfield>
  </datafield>
  <datafield tag="037" ind1=" " ind2=" ">
    <subfield code="a">GSI-2014-02507</subfield>
  </datafield>
  <datafield tag="852" ind1="7" ind2=" ">
    <subfield code="2">DE-Ds200</subfield>
    <subfield code="a">GSI/FAIR Library</subfield>
    <subfield code="b">Main</subfield>
    <subfield code="c">Report 2014-1</subfield>
    <subfield code="h">Report</subfield>
    <subfield code="p">00019118</subfield>
    <subfield code="t">1</subfield>
  </datafield>
  <datafield tag="852" ind1="7" ind2=" ">
    <subfield code="2">DE-Ds200</subfield>
    <subfield code="a">GSI/FAIR Library</subfield>
    <subfield code="b">Main</subfield>
    <subfield code="c">Report 2014-1</subfield>
    <subfield code="h">Report</subfield>
    <subfield code="p">00019125</subfield>
    <subfield code="t">2</subfield>
  </datafield>
  <datafield tag="852" ind1="7" ind2=" ">
    <subfield code="2">DE-Ds200</subfield>
    <subfield code="a">GSI/FAIR Library</subfield>
    <subfield code="b">Main</subfield>
    <subfield code="c">Report 2014-1</subfield>
    <subfield code="h">Report</subfield>
    <subfield code="p">00037679</subfield>
    <subfield code="t">3</subfield>
  </datafield>
  <datafield tag="852" ind1="7" ind2=" ">
    <subfield code="2">DE-Ds200</subfield>
    <subfield code="a">GSI/FAIR Library</subfield>
    <subfield code="b">Main</subfield>
    <subfield code="c">Report 2014-1</subfield>
    <subfield code="h">Report</subfield>
    <subfield code="p">00037662</subfield>
    <subfield code="t">4</subfield>
  </datafield>
  <datafield tag="856" ind1="4" ind2=" ">
    <subfield code="u">http://repository.gsi.de/record/68098/files/GSI-Report-2014-1.pdf</subfield>
    <subfield code="y">OpenAccess</subfield>
  </datafield>
  <datafield tag="856" ind1="4" ind2=" ">
    <subfield code="u">http://repository.gsi.de/record/68098/files/GSI-Report-2014-1.ps.gz</subfield>
    <subfield code="y">OpenAccess</subfield>
  </datafield>
  <datafield tag="856" ind1="4" ind2=" ">
    <subfield code="u">http://repository.gsi.de/record/68098/files/GSI-Report-2014-1.gif?subformat=icon</subfield>
    <subfield code="x">icon</subfield>
    <subfield code="y">OpenAccess</subfield>
  </datafield>
  <datafield tag="856" ind1="4" ind2=" ">
    <subfield code="u">http://repository.gsi.de/record/68098/files/GSI-Report-2014-1.gif?subformat=icon-700</subfield>
    <subfield code="x">icon-700</subfield>
    <subfield code="y">OpenAccess</subfield>
  </datafield>
  <datafield tag="856" ind1="4" ind2=" ">
    <subfield code="u">http://repository.gsi.de/record/68098/files/GSI-Report-2014-1-mit-Cover.pdf</subfield>
    <subfield code="y">OpenAccess</subfield>
  </datafield>
  <datafield tag="856" ind1="4" ind2=" ">
    <subfield code="u">http://repository.gsi.de/record/68098/files/GSI-Report-2014-1-mit-Cover.ps.gz</subfield>
    <subfield code="y">OpenAccess</subfield>
  </datafield>
  <datafield tag="856" ind1="4" ind2=" ">
    <subfield code="u">http://repository.gsi.de/record/68098/files/GSI-Report-2014-1-mit-Cover.gif?subformat=icon</subfield>
    <subfield code="x">icon</subfield>
    <subfield code="y">OpenAccess</subfield>
  </datafield>
  <datafield tag="856" ind1="4" ind2=" ">
    <subfield code="u">http://repository.gsi.de/record/68098/files/GSI-Report-2014-1-mit-Cover.gif?subformat=icon-700</subfield>
    <subfield code="x">icon-700</subfield>
    <subfield code="y">OpenAccess</subfield>
  </datafield>
  <datafield tag="915" ind1=" " ind2=" ">
    <subfield code="0">StatID:(DE-HGF)0510</subfield>
    <subfield code="2">StatID</subfield>
    <subfield code="a">OpenAccess</subfield>
  </datafield>
  <datafield tag="914" ind1="1" ind2=" ">
    <subfield code="y">2014</subfield>
  </datafield>
  <datafield tag="913" ind1="1" ind2=" ">
    <subfield code="0">G:(DE-HGF)POF2-532</subfield>
    <subfield code="1">G:(DE-HGF)POF2-530</subfield>
    <subfield code="2">G:(DE-HGF)POF2-500</subfield>
    <subfield code="3">G:(DE-HGF)POF2</subfield>
    <subfield code="4">G:(DE-HGF)POF</subfield>
    <subfield code="a">DE-HGF</subfield>
    <subfield code="b">Struktur der Materie</subfield>
    <subfield code="l">Physik der Hadronen und Kerne</subfield>
    <subfield code="v">Nuclear and Quark Gluon Matter (NQM)</subfield>
    <subfield code="x">0</subfield>
  </datafield>
  <datafield tag="913" ind1="1" ind2=" ">
    <subfield code="0">G:(DE-HGF)POF2-531</subfield>
    <subfield code="1">G:(DE-HGF)POF2-530</subfield>
    <subfield code="2">G:(DE-HGF)POF2-500</subfield>
    <subfield code="3">G:(DE-HGF)POF2</subfield>
    <subfield code="4">G:(DE-HGF)POF</subfield>
    <subfield code="a">DE-HGF</subfield>
    <subfield code="b">Struktur der Materie</subfield>
    <subfield code="l">Physik der Hadronen und Kerne</subfield>
    <subfield code="v">Hadron Structure and Dynamics (HSD)</subfield>
    <subfield code="x">1</subfield>
  </datafield>
  <datafield tag="913" ind1="1" ind2=" ">
    <subfield code="0">G:(DE-HGF)POF2-533</subfield>
    <subfield code="1">G:(DE-HGF)POF2-530</subfield>
    <subfield code="2">G:(DE-HGF)POF2-500</subfield>
    <subfield code="3">G:(DE-HGF)POF2</subfield>
    <subfield code="4">G:(DE-HGF)POF</subfield>
    <subfield code="a">DE-HGF</subfield>
    <subfield code="b">Struktur der Materie</subfield>
    <subfield code="l">Physik der Hadronen und Kerne</subfield>
    <subfield code="v">Exotic Nuclei and Nuclear Astrophysics (ENNA)</subfield>
    <subfield code="x">2</subfield>
  </datafield>
  <datafield tag="913" ind1="1" ind2=" ">
    <subfield code="0">G:(DE-HGF)POF2-53G31</subfield>
    <subfield code="1">G:(DE-HGF)POF2-530</subfield>
    <subfield code="2">G:(DE-HGF)POF2-500</subfield>
    <subfield code="3">G:(DE-HGF)POF2</subfield>
    <subfield code="4">G:(DE-HGF)POF</subfield>
    <subfield code="a">DE-HGF</subfield>
    <subfield code="b">Struktur der Materie</subfield>
    <subfield code="l">Physik der Hadronen und Kerne</subfield>
    <subfield code="v">Participation in FAIR</subfield>
    <subfield code="x">3</subfield>
  </datafield>
  <datafield tag="913" ind1="1" ind2=" ">
    <subfield code="0">G:(DE-HGF)POF2-543</subfield>
    <subfield code="1">G:(DE-HGF)POF2-540</subfield>
    <subfield code="2">G:(DE-HGF)POF2-500</subfield>
    <subfield code="3">G:(DE-HGF)POF2</subfield>
    <subfield code="4">G:(DE-HGF)POF</subfield>
    <subfield code="a">DE-HGF</subfield>
    <subfield code="b">Struktur der Materie</subfield>
    <subfield code="l">Forschung mit Photonen, Neutronen, Ionen</subfield>
    <subfield code="v">Ions</subfield>
    <subfield code="x">4</subfield>
  </datafield>
  <datafield tag="913" ind1="1" ind2=" ">
    <subfield code="0">G:(DE-HGF)POF2-544</subfield>
    <subfield code="1">G:(DE-HGF)POF2-540</subfield>
    <subfield code="2">G:(DE-HGF)POF2-500</subfield>
    <subfield code="3">G:(DE-HGF)POF2</subfield>
    <subfield code="4">G:(DE-HGF)POF</subfield>
    <subfield code="a">DE-HGF</subfield>
    <subfield code="b">Struktur der Materie</subfield>
    <subfield code="l">Forschung mit Photonen, Neutronen, Ionen</subfield>
    <subfield code="v">In-house Research with PNI</subfield>
    <subfield code="x">5</subfield>
  </datafield>
  <datafield tag="913" ind1="1" ind2=" ">
    <subfield code="0">G:(DE-HGF)POF2-54G32</subfield>
    <subfield code="1">G:(DE-HGF)POF2-540</subfield>
    <subfield code="2">G:(DE-HGF)POF2-500</subfield>
    <subfield code="3">G:(DE-HGF)POF2</subfield>
    <subfield code="4">G:(DE-HGF)POF</subfield>
    <subfield code="a">DE-HGF</subfield>
    <subfield code="b">Struktur der Materie</subfield>
    <subfield code="l">Forschung mit Photonen, Neutronen, Ionen</subfield>
    <subfield code="v">GSI-participation in FAIR</subfield>
    <subfield code="x">6</subfield>
  </datafield>
  <datafield tag="913" ind1="1" ind2=" ">
    <subfield code="0">G:(DE-HGF)POF2-315</subfield>
    <subfield code="1">G:(DE-HGF)POF2-310</subfield>
    <subfield code="2">G:(DE-HGF)POF2-300</subfield>
    <subfield code="3">G:(DE-HGF)POF2</subfield>
    <subfield code="4">G:(DE-HGF)POF</subfield>
    <subfield code="a">DE-HGF</subfield>
    <subfield code="b">Gesundheit</subfield>
    <subfield code="l">Krebsforschung</subfield>
    <subfield code="v">Imaging and radiooncology</subfield>
    <subfield code="x">7</subfield>
  </datafield>
  <datafield tag="088" ind1="1" ind2=" ">
    <subfield code="a">GSI Report 2014-1</subfield>
  </datafield>
  <datafield tag="088" ind1=" " ind2=" ">
    <subfield code="2">GSI</subfield>
    <subfield code="a">GSI Report 2014-1</subfield>
  </datafield>
  <datafield tag="773" ind1=" " ind2=" ">
    <subfield code="y">2014</subfield>
  </datafield>
  <datafield tag="300" ind1=" " ind2=" ">
    <subfield code="a">452 S.</subfield>
  </datafield>
  <datafield tag="245" ind1=" " ind2=" ">
    <subfield code="a">GSI Scientific Report 2013</subfield>
  </datafield>
  <datafield tag="024" ind1="7" ind2=" ">
    <subfield code="2">doi</subfield>
    <subfield code="a">10.15120/GR-2014-1</subfield>
  </datafield>
  <datafield tag="260" ind1=" " ind2=" ">
    <subfield code="a">Darmstadt</subfield>
    <subfield code="b">GSI Helmholtzzentrum für Schwerionenforschung</subfield>
    <subfield code="c">2014</subfield>
  </datafield>
  <datafield tag="100" ind1="1" ind2=" ">
    <subfield code="0">P:(DE-HGF)0</subfield>
    <subfield code="a">Große, K.</subfield>
    <subfield code="b">0</subfield>
    <subfield code="e">Editor</subfield>
  </datafield>
  <datafield tag="041" ind1=" " ind2=" ">
    <subfield code="a">eng</subfield>
  </datafield>
  <datafield tag="909" ind1="C" ind2="O">
    <subfield code="o">oai:repository.gsi.de:68098</subfield>
    <subfield code="p">openaire</subfield>
    <subfield code="p">open_access</subfield>
    <subfield code="p">VDB</subfield>
    <subfield code="p">driver</subfield>
    <subfield code="p">dnbdelivery</subfield>
    <subfield code="q">ec_fundedresources</subfield>
  </datafield>
  <datafield tag="536" ind1=" " ind2=" ">
    <subfield code="0">G:(DE-HGF)POF2-532</subfield>
    <subfield code="a">532 - Nuclear and Quark Gluon Matter (NQM) (POF2-532)</subfield>
    <subfield code="c">POF2-532</subfield>
    <subfield code="f">POF II</subfield>
    <subfield code="x">0</subfield>
  </datafield>
  <datafield tag="536" ind1=" " ind2=" ">
    <subfield code="0">G:(DE-HGF)POF2-531</subfield>
    <subfield code="a">531 - Hadron Structure and Dynamics (HSD) (POF2-531)</subfield>
    <subfield code="c">POF2-531</subfield>
    <subfield code="f">POF II</subfield>
    <subfield code="x">1</subfield>
  </datafield>
  <datafield tag="536" ind1=" " ind2=" ">
    <subfield code="0">G:(DE-HGF)POF2-533</subfield>
    <subfield code="a">533 - Exotic Nuclei and Nuclear Astrophysics (ENNA) (POF2-533)</subfield>
    <subfield code="c">POF2-533</subfield>
    <subfield code="f">POF II</subfield>
    <subfield code="x">2</subfield>
  </datafield>
  <datafield tag="536" ind1=" " ind2=" ">
    <subfield code="0">G:(DE-HGF)POF2-53G31</subfield>
    <subfield code="a">53G - Participation in FAIR (POF2-53G31)</subfield>
    <subfield code="c">POF2-53G31</subfield>
    <subfield code="f">POF II</subfield>
    <subfield code="x">3</subfield>
  </datafield>
  <datafield tag="536" ind1=" " ind2=" ">
    <subfield code="0">G:(DE-HGF)POF2-543</subfield>
    <subfield code="a">543 - Ions (POF2-543)</subfield>
    <subfield code="c">POF2-543</subfield>
    <subfield code="f">POF II</subfield>
    <subfield code="x">4</subfield>
  </datafield>
  <datafield tag="536" ind1=" " ind2=" ">
    <subfield code="0">G:(DE-HGF)POF2-544</subfield>
    <subfield code="a">544 - In-house Research with PNI (POF2-544)</subfield>
    <subfield code="c">POF2-544</subfield>
    <subfield code="f">POF II</subfield>
    <subfield code="x">5</subfield>
  </datafield>
  <datafield tag="536" ind1=" " ind2=" ">
    <subfield code="0">G:(DE-HGF)POF2-54G32</subfield>
    <subfield code="a">54G - GSI-participation in FAIR (POF2-54G32)</subfield>
    <subfield code="c">POF2-54G32</subfield>
    <subfield code="f">POF II</subfield>
    <subfield code="x">6</subfield>
  </datafield>
  <datafield tag="536" ind1=" " ind2=" ">
    <subfield code="0">G:(DE-HGF)POF2-315</subfield>
    <subfield code="a">315 - Imaging and radiooncology (POF2-315)</subfield>
    <subfield code="c">POF2-315</subfield>
    <subfield code="f">POF II</subfield>
    <subfield code="x">7</subfield>
  </datafield>
  <datafield tag="920" ind1=" " ind2=" ">
    <subfield code="l">yes</subfield>
  </datafield>
  <datafield tag="920" ind1="1" ind2=" ">
    <subfield code="0">I:(DE-Ds200)BUD-20051214OR030</subfield>
    <subfield code="k">BUD</subfield>
    <subfield code="l">Bibliothek &amp; Dokumentation</subfield>
    <subfield code="x">0</subfield>
  </datafield>
  <datafield tag="920" ind1="1" ind2=" ">
    <subfield code="0">I:(DE-Ds200)RED-20051214OR019</subfield>
    <subfield code="k">RED</subfield>
    <subfield code="l">Forschung FAIR &amp; GSI</subfield>
    <subfield code="x">1</subfield>
  </datafield>
</record>
</collection>